<?xml version="1.0" encoding="UTF-8"?>
<collection xmlns="http://www.loc.gov/MARC21/slim">
 <record>
  <leader>01447nam a2200445   4500</leader>
  <controlfield tag="001">DLU030023264</controlfield>
  <controlfield tag="005">##20020701160149.0</controlfield>
  <controlfield tag="008">##990603c19969999nyuar    s    0    0eng d</controlfield>
  <datafield tag="010" ind1="#" ind2="#">
   <subfield code="a">sn 98032289 </subfield>
  </datafield>
  <datafield tag="035" ind1="#" ind2="#">
   <subfield code="a">(OCoLC)ocm35177051</subfield>
  </datafield>
  <datafield tag="040" ind1="#" ind2="#">
   <subfield code="a">AzGAGS</subfield>
   <subfield code="c">AzGAGS</subfield>
   <subfield code="d">NN</subfield>
   <subfield code="d">MH</subfield>
   <subfield code="d">InU</subfield>
   <subfield code="d">DLC</subfield>
   <subfield code="d">MH</subfield>
   <subfield code="d">MH-L</subfield>
   <subfield code="d">InU</subfield>
  </datafield>
  <datafield tag="042" ind1="#" ind2="#">
   <subfield code="a">lc</subfield>
  </datafield>
  <datafield tag="050" ind1="#" ind2="#">
   <subfield code="a">HF1414</subfield>
   <subfield code="b">.G559</subfield>
  </datafield>
  <datafield tag="082" ind1="#" ind2="#">
   <subfield code="a">337</subfield>
   <subfield code="b">Glo</subfield>
  </datafield>
  <datafield tag="245" ind1="#" ind2="#">
   <subfield code="a">The global competitiveness report 1999 /</subfield>
   <subfield code="c">World Economic Forum</subfield>
  </datafield>
  <datafield tag="260" ind1="#" ind2="#">
   <subfield code="a">New York :</subfield>
   <subfield code="b">Oxford University Press,</subfield>
   <subfield code="c">1999</subfield>
  </datafield>
  <datafield tag="300" ind1="#" ind2="#">
   <subfield code="a">339 p. :</subfield>
   <subfield code="b">ill. ;</subfield>
   <subfield code="c">28 cm.</subfield>
  </datafield>
  <datafield tag="310" ind1="#" ind2="#">
   <subfield code="a">Annual</subfield>
  </datafield>
  <datafield tag="362" ind1="#" ind2="#">
   <subfield code="a">Began in 1996.</subfield>
  </datafield>
  <datafield tag="500" ind1="#" ind2="#">
   <subfield code="a">Description based on: 1997.</subfield>
  </datafield>
  <datafield tag="500" ind1="#" ind2="#">
   <subfield code="a">Vols. for &lt;2001/2002-&gt; published: New York ; London : Oxford University Press.</subfield>
  </datafield>
  <datafield tag="500" ind1="#" ind2="#">
   <subfield code="a">Vols. for 2001/2002-  accompanied by CD-ROM with results from the executive opinion survey.</subfield>
  </datafield>
  <datafield tag="650" ind1="#" ind2="#">
   <subfield code="a">Competition, International</subfield>
   <subfield code="v">Statistics</subfield>
   <subfield code="v">Periodicals.</subfield>
  </datafield>
  <datafield tag="650" ind1="#" ind2="#">
   <subfield code="a">International trade</subfield>
   <subfield code="v">Statistics</subfield>
   <subfield code="v">Periodicals.</subfield>
  </datafield>
  <datafield tag="710" ind1="#" ind2="#">
   <subfield code="a">Harvard University.</subfield>
   <subfield code="b">Center for International Development.</subfield>
  </datafield>
  <datafield tag="710" ind1="#" ind2="#">
   <subfield code="a">World Economic Forum.</subfield>
  </datafield>
  <datafield tag="850" ind1="#" ind2="#">
   <subfield code="a">DLC</subfield>
   <subfield code="a">InU</subfield>
   <subfield code="a">MH-BA</subfield>
  </datafield>
  <datafield tag="852" ind1="#" ind2="#">
   <subfield code="x">universal pattern</subfield>
  </datafield>
  <datafield tag="853" ind1="#" ind2="#">
   <subfield code="8">1</subfield>
   <subfield code="a">(year/year)</subfield>
   <subfield code="w">a</subfield>
  </datafield>
  <datafield tag="863" ind1="#" ind2="#">
   <subfield code="8">1.1</subfield>
   <subfield code="a">&lt;2001/2002&gt;</subfield>
  </datafield>
  <datafield tag="992" ind1="#" ind2="#">
   <subfield code="a">35.00</subfield>
  </datafield>
  <datafield tag="994" ind1="#" ind2="#">
   <subfield code="a">DLU</subfield>
  </datafield>
  <datafield tag="900" ind1="#" ind2="#">
   <subfield code="a">True</subfield>
  </datafield>
  <datafield tag="911" ind1="#" ind2="#">
   <subfield code="a">Thái Thị Thanh Thủy</subfield>
  </datafield>
  <datafield tag="925" ind1="#" ind2="#">
   <subfield code="a">G</subfield>
  </datafield>
  <datafield tag="926" ind1="#" ind2="#">
   <subfield code="a">A</subfield>
  </datafield>
  <datafield tag="927" ind1="#" ind2="#">
   <subfield code="a">SH</subfield>
  </datafield>
  <datafield tag="980" ind1="#" ind2="#">
   <subfield code="a">Thư viện Trường Đại học Đà Lạt</subfield>
  </datafield>
 </record>
</collection>
